01448cam a2200349 i 4500003000900000005001700009007000300026008004100029020001800070040003000088082002200118100003500140240003500175245016000210264004600370300005300416336002700469337003400496338002800530490001000558500003500568504003000603590002700633650003100660650003100691700004500722910001400767942001400781952014000795952014600935999001701081DO-SdBNP20231005095443.0ta751003s2018 sp ad 001 f spa d a9788417067717 aDO-SdBNPbspacBNPHUerda bS318222a342.7221 aScheidel, Walterd1966-98438714aThe great leveler /lEspañol13aEl gran nivelador : bviolencia e historia de la desigualdad desde a edad de piedra hasta el siglo XXI /cWalter Scheidel ; traducción Efrén del Valle  1aBarcelona, España :bCrítica, c2018. a620 páginasbilustraciones, grafícosc24 cm. 2rdacontentatextobtxt 2rdamediaasin mediación bn 2rdacarrieravolumenbnc1 aMayor aIncluye Índice analítico.  aBibliografía p: 547-603 aInventariado, 2023/ YL 4aIgualdadxHistoria|984388 4aViolenciaxHistoria9843891 aValle, Efrén del etraducción942669 aYlockward 2ddccLBS1 00102ddc56708GRaBNPHUbBNPHUcCTd2019-03-02eLibrería Cuestal0oBNPHU GR 342.722 S318p2023-6693r2023-10-05w2023-10-05yLBS1 00102ddc56708GRaBNPHUbBNPHUcCTd2019-03-02eLibrería Cuestal0oBNPHU GR 342.722 S318p2023-6694r2023-10-05te. 2w2023-10-05yLBS1 c55086d55086